Kirjaimella C alkavia kaupunkeja kartalla - Statistics

Yleistilastot
  • Tätä visaa on pelattu 1 022 kertaa
  • Keskiarvotulos 13 / 30
Vastaukset kartalla
Vastauksille on annettu kartalla punavihreä väri sen mukaan, kuinka moni on saanut sen oikein.
 
Vastaustilastot
Kaupunki % Oikein
Canberra
87%
Chicago
78%
Caracas
72%
Casablanca
70%
Calgary
65%
Chişinău
65%
Colombo
60%
Cannes
56%
Cardiff
55%
Cancún
47%
Chennai
46%
Cali
41%
Conakry
39%
Christchurch
37%
Chengdu
36%
Cleveland
35%
Charlotte
34%
Catania
32%
Córdoba
30%
Cusco
30%
Cayenne
29%
Chittagong
29%
Chongqing
27%
Cotonou
27%
Cairns
25%
Cebu
24%
Curitiba
23%
Chiang Mai
20%
Ciudad Juárez
20%
Cabo San Lucas
19%
Ehtoja vastaavia visoja ei löytynyt
Tulosjakauma
Jokaisen tuloksen saaneiden osuus
Persentiili vastausten määrän mukaan
Tuloshistoriasi
Et ole pelannut tätä visaa